University Home | Library Home | Institutional Repository

Essential Social Psychology / (Record no. 216567)

MARC details
000 -LEADER
fixed length control field 00768 a2200253 4500
005 - DATE AND TIME OF LATEST TRANSACTION
control field 20260409133739.0
008 - FIXED-LENGTH DATA ELEMENTS--GENERAL INFORMATION
fixed length control field 260409b |||||||| |||| 00| 0 eng d
020 ## - INTERNATIONAL STANDARD BOOK NUMBER
International Standard Book Number 9781529667981
040 ## - CATALOGING SOURCE
Original cataloging agency LC
Transcribing agency UNZA
Description conventions RDA
050 ## - LIBRARY OF CONGRESS CALL NUMBER
Classification number HM 1033
Item number CRI 2024.
100 ## - MAIN ENTRY--PERSONAL NAME
Personal name Crisp, J. Richard
Relator term author
245 ## - TITLE STATEMENT
Title Essential Social Psychology /
Statement of responsibility, etc. Richard J. Crisp ; Rhiannon N. Turner and Rose Meleady.
250 ## - EDITION STATEMENT
Edition statement 5TH EDITION.
260 ## - PUBLICATION, DISTRIBUTION, ETC.
Name of publisher, distributor, etc. SAGE :
Date of publication, distribution, etc. 2024.
Place of publication, distribution, etc. London,
300 ## - PHYSICAL DESCRIPTION
Extent xx, 531 Pages :
Other physical details illustrations.
336 ## - CONTENT TYPE
CONTENT TYPE Text
337 ## - MEDIA TYPE
MEDIA TYPE Unmediated
338 ## - CARRIER TYPE
CARRIER TYPE Volume
504 ## - BIBLIOGRAPHY, ETC. NOTE
Bibliography, etc. note Includes bibliographical references and index.
650 ## - SUBJECT ADDED ENTRY--TOPICAL TERM
Topical term or geographic name entry element Social Psychology.
700 ## - ADDED ENTRY--PERSONAL NAME
Personal name Turner, Rhiannon N.
Relator term author
700 ## - ADDED ENTRY--PERSONAL NAME
Personal name Meleady, Rose
Relator term author
942 ## - ADDED ENTRY ELEMENTS (KOHA)
Koha item type Book
999 ## -
-- 216567
-- 216567
Holdings
Withdrawn status Lost status Source of classification or shelving scheme Damaged status Not for loan Collection code Home library Current library Shelving location Date acquired Source of acquisition Cost, normal purchase price Total Checkouts Full call number Barcode Date last seen Copy number Cost, replacement price Price effective from Koha item type
    Library of Congress Classification     Non-fiction Main Library Main Library On Shelf 04/09/2026 Donation 300.00   HM 1033 CRI 2024. 33729006811934 04/09/2026 1 300.00 04/09/2026 Book
    Library of Congress Classification     Non-fiction Main Library Main Library On Shelf 04/09/2026 Donation 300.00   HM 1033 CRI 2024. 33729006811991 04/09/2026 2 300.00 04/09/2026 Book
    Library of Congress Classification     Non-fiction Main Library Main Library On Shelf 04/09/2026 Donation 300.00   HM 1033 CRI 2024. 33729006812411 04/09/2026 3 300.00 04/09/2026 Book
    Library of Congress Classification     Non-fiction Main Library Main Library On Shelf 04/09/2026 Donation 300.00   HM 1033 CRI 2024. 33729006812478 04/09/2026 4 300.00 04/09/2026 Book
© 2026 - The University of Zambia Library - Koha v25.11